[Event "Mercredi 2023.04.05 ABCD"]
[Site "Montreal CAN"]
[Date "2023.04.12"]
[Round "2"]
[White "Lopez, Lizandro"]
[Black "Di Matteo, Alessio"]
[Result "1-0"]
[WhiteElo "2067"]
[BlackElo "1996"]
[PlyCount "121"]
[EventDate "2023.04.05"]
[EventType "tourn"]
[EventRounds "5"]
[EventCountry "CAN"]

1. Nf3 Nf6 2. c4 e6 3. d4 Bb4+ 4. Bd2 c5 5. Bxb4 cxb4 6. a3 bxa3 7. Rxa3 O-O 8.
Nc3 b6 9. Qa1 Nc6 10. e3 Nb4 11. Qb1 Bb7 12. Be2 a5 13. O-O d6 14. Rd1 Qe7 15.
Ng5 e5 16. Bf3 Bxf3 17. Nxf3 Rac8 18. dxe5 dxe5 19. Nd2 Rfd8 20. Ra1 Qe6 21. h3
h6 22. e4 Nh5 23. Nd5 Nf4 24. Kf1 Kh8 25. Ra3 Qg6 26. Rg3 Qe6 27. b3 Rd7 28.
Qb2 f6 29. Nb1 Rcd8 30. Nbc3 Nc6 31. Nb5 Nb4 32. Re3 Qc6 33. Nbc3 Qe6 34. Kg1
Qc6 35. Kh2 Qe6 36. Na4 Nfxd5 37. cxd5 Qd6 38. Rc3 Rc7 39. Rdc1 Rdc8 40. Qd2 f5
41. f3 f4 42. Rxc7 Rxc7 43. Rxc7 Qxc7 44. d6 Qd8 45. d7 Nc6 46. Qd5 Qg5 47. Kg1
Nd8 48. Nxb6 Qg3 49. Kf1 Qh2 50. Nc4 Qh1+ 51. Kf2 Qc1 52. Nxe5 Qe3+ 53. Kf1
Qc1+ 54. Ke2 Qb2+ 55. Kd3 Qb1+ 56. Kc4 Qf1+ 57. Kc5 Qf2+ 58. Kb5 Qf1+ 59. Kb6
Qf2+ 60. Kc7 Qh4 61. Ng6+ 1-0

[Event "Mercredi 2023.04.05 ABCD"]
[Site "Montreal CAN"]
[Date "2023.04.12"]
[Round "2"]
[White "Nardone, Raul"]
[Black "Boileau, Dominic"]
[Result "0-1"]
[WhiteElo "1797"]
[BlackElo "1766"]
[PlyCount "40"]
[EventDate "2023.04.05"]
[EventType "tourn"]
[EventRounds "5"]
[EventCountry "CAN"]

1. d4 Nf6 2. Nf3 d5 3. e3 c5 4. c3 Nc6 5. Bd3 Bg4 6. h3 Bh5 7. g4 Bg6 8. Ne5
Bxd3 9. Qxd3 e6 10. Nd2 Qc7 11. f4 Rc8 12. O-O Bd6 13. Qe2 O-O 14. g5 Nd7 15.
Ndf3 Ne7 16. Nh4 f6 17. Nxd7 Qxd7 18. Qg4 fxg5 19. Qxg5 Nf5 20. Bd2 Be7 0-1

[Event "Mercredi 2023.04.05 ABCD"]
[Site "Montreal CAN"]
[Date "2023.04.12"]
[Round "2"]
[White "Singher, Jean-Pierre"]
[Black "Chapdelaine, Gwyn"]
[Result "1/2-1/2"]
[WhiteElo "2022"]
[BlackElo "1981"]
[PlyCount "62"]
[EventDate "2023.04.05"]
[EventType "tourn"]
[EventRounds "5"]
[EventCountry "CAN"]

1. d4 Nf6 2. Nf3 d5 3. c4 e6 4. e3 c6 5. Nc3 Be7 6. Bd3 Nbd7 7. O-O O-O 8. b3
Bd6 9. Bb2 e5 10. cxd5 exd4 11. Ne4 Nxe4 12. Bxe4 Nf6 13. Qxd4 cxd5 14. Bd3 Bg4
15. Ng5 Re8 16. Bxh7+ Kf8 17. f4 Qe7 18. h3 Be2 19. Rfe1 Qxe3+ 20. Qxe3 Rxe3
21. Bd4 Re7 22. g3 Nxh7 23. Nxh7+ Kg8 24. Kf2 Rae8 25. Ng5 f6 26. Nf3 Re4 27.
Nd2 Rxd4 28. Rxe2 Rc8 29. Nf3 Rd3 30. Ne1 Rd4 31. Nc2 Rd3 1/2-1/2

[Event "Mercredi 2023.04.05 ABCD"]
[Site "Montreal CAN"]
[Date "2023.04.12"]
[Round "2"]
[White "Voskanyan, Vahagn"]
[Black "Genzling, Jerome"]
[Result "1/2-1/2"]
[WhiteElo "2127"]
[BlackElo "2147"]
[PlyCount "112"]
[EventDate "2023.04.05"]
[EventType "tourn"]
[EventRounds "5"]
[EventCountry "CAN"]

1. c4 e6 2. Nf3 d5 3. e3 Nf6 4. b3 b6 5. Bb2 Bb7 6. Be2 Nbd7 7. O-O Bd6 8. d4
O-O 9. Nc3 a6 10. Qc2 Rc8 11. Rad1 Qe7 12. cxd5 exd5 13. Bd3 Ne4 14. Qe2 b5 15.
h3 f5 16. Bb1 Kh8 17. Bxe4 fxe4 18. Nh2 Rce8 19. Qh5 c6 20. Rde1 Nf6 21. Qd1
Bc8 22. f4 exf3 23. Rxf3 Ne4 24. Nxe4 Qxe4 25. Ref1 h6 26. Bc3 Rxf3 27. Rxf3
Re6 28. Ng4 Rg6 29. Nf2 Qe7 30. Nd3 Qg5 31. Qf1 Be6 32. Ne5 Bxe5 33. dxe5 d4
34. Bxd4 Bd5 35. Rf2 Qg3 36. e6 Rxe6 37. Rf4 Rg6 38. e4 Be6 39. Rf3 Qd6 40. Qf2
a5 41. Qe3 Qd7 42. Be5 c5 43. Rg3 Rxg3 44. Qxg3 c4 45. bxc4 Bxc4 46. a3 b4 47.
axb4 axb4 48. Qe3 Kh7 49. Qc5 Qe6 50. Qxb4 Bd3 51. Qd4 Bc2 52. Kf2 Qg6 53. Kf3
Qh5+ 54. Ke3 Qg5+ 55. Kf3 Qh5+ 56. Kg3 Qg6+ 1/2-1/2

[Event "Mercredi 2023.04.05 ABCD"]
[Site "Montreal CAN"]
[Date "2023.04.19"]
[Round "3"]
[White "Beaudry, Marc-Andre"]
[Black "Lopez, Lizandro"]
[Result "1-0"]
[WhiteElo "2048"]
[BlackElo "2067"]
[PlyCount "105"]
[EventDate "2023.04.05"]
[EventType "tourn"]
[EventRounds "5"]
[EventCountry "CAN"]

1. e4 c5 2. Nf3 d6 3. Bb5+ Bd7 4. Bxd7+ Nxd7 5. c4 Ngf6 6. Nc3 e6 7. O-O Be7 8.
d4 cxd4 9. Nxd4 a6 10. b3 Qc7 11. Bb2 g5 12. Rc1 Ne5 13. Nf3 Nfd7 14. Nxe5 Nxe5
15. Qe2 O-O 16. Rfd1 b6 17. Qe3 Rab8 18. Qg3 Ng6 19. Ne2 Qc6 20. Qc3 Ne5 21. f3
Rfc8 22. Qd2 h6 23. Nc3 f6 24. Kh1 Ng6 25. a4 Kf7 26. Ne2 Qb7 27. Nd4 h5 28. b4
h4 29. h3 Ne5 30. f4 gxf4 31. Qxf4 Rh8 32. Nf3 Nxf3 33. Qxf3 Rbg8 34. Rf1 Rg6
35. Rf2 Ke8 36. Qf4 Rh5 37. Bd4 e5 38. Qf3 Rhg5 39. Bb2 Qd7 40. Qe2 Qxa4 41.
Ra1 Qb3 42. Rxa6 Qxb4 43. Qd1 Qxc4 44. Ra4 Qb5 45. Qc2 Kf7 46. Ra7 Rg7 47. Qc8
Qb3 48. Ra8 Kg6 49. Qe8+ Qf7 50. Qc8 b5 51. Ra7 Qb3 52. Qe8+ Kh7 53. Rxe7 1-0

[Event "Mercredi 2023.04.05 ABCD"]
[Site "Montreal CAN"]
[Date "2023.04.11"]
[Round "3"]
[White "Beaulieu, Pierre"]
[Black "Lima-Barbosa, Raphael"]
[Result "1-0"]
[WhiteElo "1850"]
[BlackElo "1929"]
[PlyCount "97"]
[EventDate "2023.04.05"]
[EventType "tourn"]
[EventRounds "5"]
[EventCountry "CAN"]

1. g3 Nf6 2. Bg2 g6 3. d3 Bg7 4. Bg5 h6 5. Bd2 d5 6. Qc1 e5 7. Na3 Na6 8. c4 c6
9. h3 Qe7 10. Rb1 e4 11. d4 Nb4 12. c5 a5 13. Ra1 Nd7 14. Bxb4 axb4 15. Nc2 b6
16. cxb6 Nxb6 17. b3 O-O 18. e3 Ba6 19. Ne2 c5 20. Qd2 Rfc8 21. O-O Bd3 22.
Rfc1 g5 23. dxc5 Bxa1 24. Rxa1 Qxc5 25. Ncd4 Bxe2 26. Qxe2 Qc3 27. Rd1 Nd7 28.
Qh5 Ra6 29. Nf5 Qf6 30. Rxd5 Nc5 31. Qg4 Re6 32. Nd4 Ree8 33. h4 Qg6 34. hxg5
h5 35. Qh3 Ne6 36. Nf5 Rc1+ 37. Kh2 Nxg5 38. Qh4 Nf3+ 39. Bxf3 exf3 40. Ne7+
Rxe7 41. Rg5 Rxe3 42. Rxg6+ fxg6 43. Qd8+ Kh7 44. Qd7+ Kh6 45. Qd2 Rce1 46.
Qxb4 R3e2 47. Qf4+ Kg7 48. Qxf3 Rxa2 49. Qc3+ 1-0

[Event "Mercredi 2023.04.05 ABCD"]
[Site "Montreal CAN"]
[Date "2023.04.19"]
[Round "3"]
[White "Boileau, Dominic"]
[Black "Gadbois, Patrick"]
[Result "0-1"]
[WhiteElo "1766"]
[BlackElo "1895"]
[PlyCount "86"]
[EventDate "2023.04.05"]
[EventType "tourn"]
[EventRounds "5"]
[EventCountry "CAN"]

1. e4 e6 2. b3 d5 3. Bb2 Nf6 4. e5 Nfd7 5. Qg4 c5 6. f4 Nc6 7. Nf3 b6 8. Be2 g6
9. Nc3 a6 10. O-O Bb7 11. h4 h5 12. Qg3 Bg7 13. f5 Nf8 14. fxg6 Nxg6 15. Bd3
Ncxe5 16. Nxe5 Bxe5 17. Qf3 Qc7 18. Bxg6 fxg6 19. Rae1 O-O-O 20. Nb5 Bh2+ 21.
Kh1 axb5 22. Bxh8 Rxh8 23. Qf8+ Rxf8 24. Rxf8+ Kd7 25. Rf7+ Ke8 26. Rxc7 Bxc7
27. Rxe6+ Kf7 28. Re2 Bg3 29. d4 Bxh4 30. c3 Bf6 31. Rf2 Bc8 32. Kh2 Bf5 33.
Rf4 Ke6 34. Rf1 cxd4 35. cxd4 Bxd4 36. Kg3 g5 37. Kf3 Ke5 38. Re1+ Be4+ 39. Kg3
b4 40. Rc1 Bc3 41. Kf2 d4 42. g3 d3 43. Ke3 d2 0-1

[Event "Mercredi 2023.04.05 ABCD"]
[Site "Montreal CAN"]
[Date "2023.04.19"]
[Round "3"]
[White "Cebria, Gabriel"]
[Black "Lisee, Pierre"]
[Result "1-0"]
[WhiteElo "1718"]
[BlackElo "1710"]
[PlyCount "47"]
[EventDate "2023.04.05"]
[EventType "tourn"]
[EventRounds "5"]
[EventCountry "CAN"]

1. e4 e5 2. Nf3 Nc6 3. Bb5 a6 4. Ba4 Nf6 5. d4 exd4 6. O-O b5 7. Bb3 d6 8. Ng5
d5 9. exd5 Na5 10. Re1+ Be7 11. d6 Qxd6 12. Nxf7 Qc5 13. Nxh8 Nxb3 14. axb3 Bb7
15. Qe2 Kf8 16. Qe5 Bd5 17. Bg5 Bd6 18. Qf5 Be7 19. Bxf6 Bxf6 20. Qxh7 Qc6 21.
Ng6+ Kf7 22. Ne5+ Bxe5 23. Rxe5 Be6 24. Nd2 1-0

[Event "Mercredi 2023.04.05 ABCD"]
[Site "Montreal CAN"]
[Date "2023.04.19"]
[Round "3"]
[White "Chapdelaine, Gwyn"]
[Black "Cardin, Guillaume"]
[Result "1-0"]
[WhiteElo "1981"]
[BlackElo "2084"]
[PlyCount "133"]
[EventDate "2023.04.05"]
[EventType "tourn"]
[EventRounds "5"]
[EventCountry "CAN"]

1. d4 d5 2. Nf3 Nf6 3. c4 c6 4. g3 Bf5 5. Nc3 e6 6. Qb3 Qb6 7. c5 Qxb3 8. axb3
Be7 9. Bg2 h6 10. O-O O-O 11. Ne5 a6 12. f3 Bh7 13. e4 dxe4 14. fxe4 Rd8 15.
Be3 Nbd7 16. Nxd7 Rxd7 17. h3 g5 18. Rf2 Nh5 19. Bf3 Bg6 20. Bxh5 Bxh5 21. e5
Bg6 22. Na4 Bd8 23. g4 Kg7 24. Kh2 Bc7 25. Kg1 Rf8 26. Raf1 Bd3 27. Rd1 Bg6 28.
Rdf1 Bd8 29. b4 Bc7 30. Rf6 Ra8 31. Nc3 Rad8 32. R6f2 Rxd4 33. Bxd4 Rxd4 34.
Re2 Rxb4 35. Rd1 Ba5 36. Rd7 Rb3 37. Ne4 Bxe4 38. Rxe4 Rxb2 39. Re3 Bd2 40.
Red3 Bf4 41. Re7 Rb4 42. Rdd7 Be3+ 43. Kg2 Rf4 44. Rxb7 Kg6 45. Rb8 Bd4 46. Rc8
Bxe5 47. Rxc6 a5 48. Ra7 a4 49. Rc8 Rc4 50. c6 Bd6 51. c7 Kf6 52. Kf1 a3 53.
Ke1 a2 54. Rxa2 Rxc7 55. Rf2+ Kg6 56. Rc2 Rxc2 57. Rxc2 f5 58. Ke2 Bf4 59. Rc6
Kf6 60. Kf3 Ke5 61. Rc8 Kf6 62. Rc6 Be5 63. Ra6 Bd4 64. Rc6 Ke5 65. Rc8 Kd5 66.
Rd8+ Kc5 67. Rd7 {time} 1-0

[Event "Mercredi 2023.04.05 ABCD"]
[Site "Montreal CAN"]
[Date "2023.04.19"]
[Round "3"]
[White "Deboosere, Adam"]
[Black "Nardone, Raul"]
[Result "1-0"]
[WhiteElo "1884"]
[BlackElo "1797"]
[PlyCount "63"]
[EventDate "2023.04.05"]
[EventType "tourn"]
[EventRounds "5"]
[EventCountry "CAN"]

1. d4 Nf6 2. Nf3 d5 3. c4 e6 4. g3 Bb4+ 5. Bd2 Be7 6. Bg2 O-O 7. O-O dxc4 8. a4
Nc6 9. Bc3 Rb8 10. a5 b5 11. axb6 cxb6 12. Nfd2 Nxd4 13. Nxc4 Nb5 14. Be5 Bd7
15. Bxb8 Qxb8 16. Nbd2 Rd8 17. e3 Be8 18. Qe2 Nd5 19. Rac1 Nbc7 20. Ne5 Bb5 21.
Nec4 Nb4 22. Rfd1 Nd3 23. Rc3 Nxb2 24. Rb1 Rxd2 25. Qxd2 Nxc4 26. Qc1 Ba3 27.
Rxa3 Nxa3 28. Qxa3 Be8 29. Qd6 Na6 30. Qxb8 Nxb8 31. Rc1 Bd7 32. Rc7 1-0

[Event "Mercredi 2023.04.05 ABCD"]
[Site "Montreal CAN"]
[Date "2023.04.19"]
[Round "3"]
[White "Di Matteo, Alessio"]
[Black "Singher, Jean-Pierre"]
[Result "0-1"]
[WhiteElo "1996"]
[BlackElo "2022"]
[PlyCount "116"]
[EventDate "2023.04.05"]
[EventType "tourn"]
[EventRounds "5"]
[EventCountry "CAN"]

1. d4 Nf6 2. c4 e6 3. Nc3 d5 4. cxd5 exd5 5. Bg5 Be7 6. e3 O-O 7. Bd3 Re8 8.
Qc2 Nbd7 9. Nge2 c6 10. O-O h6 11. Bh4 Nh5 12. Bxe7 Qxe7 13. Rfe1 Ndf6 14. Ng3
Nxg3 15. hxg3 Ne4 16. Bxe4 dxe4 17. d5 Qc5 18. Rad1 Bg4 19. Rd4 cxd5 20. Rxd5
Qc6 21. Rd4 Re5 22. Qd2 Rae8 23. Rc1 Rc5 24. a3 a6 25. Re1 Rc4 26. Rc1 Rc8 27.
Re1 Re8 28. Rxc4 Qxc4 29. Qd5 Qxd5 30. Nxd5 Rd8 31. Nc3 Rd2 32. Rb1 f5 33. a4
Kf7 34. a5 Be2 35. Rc1 Ke6 36. Na4 Rd1+ 37. Rxd1 Bxd1 38. Nc5+ Kd6 39. Nxb7+
Kc6 40. Nd8+ Kb5 41. Ne6 Kxa5 42. Kf1 g6 43. Ke1 Bb3 44. Nc5 Bf7 45. Kd2 Kb5
46. Nb7 Kb6 47. Nd6 Be6 48. Kc3 Kc6 49. Nc4 Bxc4 50. Kxc4 a5 51. f3 exf3 52.
gxf3 g5 53. e4 fxe4 54. fxe4 h5 55. Kd4 h4 56. gxh4 gxh4 57. Ke3 Kd6 58. Kf4 a4
0-1

[Event "Mercredi 2023.04.05 ABCD"]
[Site "Montreal CAN"]
[Date "2023.04.19"]
[Round "3"]
[White "Gauthier, Luc"]
[Black "Kozlov, Guennadi"]
[Result "1-0"]
[WhiteElo "1685"]
[BlackElo "1699"]
[PlyCount "75"]
[EventDate "2023.04.05"]
[EventType "tourn"]
[EventRounds "5"]
[EventCountry "CAN"]

1. e4 e6 2. d4 d5 3. e5 c5 4. c3 Nc6 5. Be3 cxd4 6. cxd4 Nge7 7. Nf3 Qb6 8. Qd2
Nf5 9. Nc3 Bd7 10. Be2 Rc8 11. O-O Na5 12. Bd3 Nc4 13. Qe1 Ne7 14. Rb1 Nc6 15.
Bxc4 dxc4 16. d5 Qc7 17. dxc6 Bxc6 18. Bf4 Bxf3 19. gxf3 Be7 20. Qe4 O-O 21.
Rfd1 a6 22. Rbc1 b5 23. Ne2 Rfd8 24. Bg3 Rd7 25. Nc3 Rcd8 26. Rxd7 Rxd7 27.
Qa8+ Rd8 28. Qxa6 b4 29. Ne4 Rd4 30. Nd6 Qc5 31. Qa8+ Bf8 32. Qb7 Bxd6 33. exd6
h5 34. d7 Kh7 35. Qc8 Qd5 36. d8=Q Qxd8 37. Qxd8 Rxd8 38. Rxc4 1-0

[Event "Mercredi 2023.04.05 ABCD"]
[Site "Montreal CAN"]
[Date "2023.04.19"]
[Round "3"]
[White "Genzling, Jerome"]
[Black "Latorre, Vincent"]
[Result "1/2-1/2"]
[WhiteElo "2147"]
[BlackElo "2244"]
[PlyCount "48"]
[EventDate "2023.04.05"]
[EventType "tourn"]
[EventRounds "5"]
[EventCountry "CAN"]

1. e4 e5 2. Nf3 Nc6 3. d4 exd4 4. Bc4 Nf6 5. e5 Ne4 6. Bd5 Nc5 7. O-O Be7 8.
Re1 O-O 9. Nxd4 Nxd4 10. Qxd4 c6 11. Bc4 d5 12. exd6 Qxd6 13. Qxd6 Bxd6 14. b4
Nd7 15. a3 a5 16. bxa5 Nc5 17. Bb2 Bf5 18. Bb3 Nxb3 19. cxb3 Rxa5 20. Nd2 Rd5
21. Nc4 Bc5 22. Ne3 Rd2 23. Bc3 Bxe3 24. Rxe3 Rd3 1/2-1/2

[Event "Mercredi 2023.04.05 ABCD"]
[Site "Montreal CAN"]
[Date "2023.04.19"]
[Round "3"]
[White "Giard, Antoine"]
[Black "Allaire, Denis"]
[Result "0-1"]
[WhiteElo "1666"]
[BlackElo "1676"]
[PlyCount "96"]
[EventDate "2023.04.05"]
[EventType "tourn"]
[EventRounds "5"]
[EventCountry "CAN"]

1. e4 e5 2. Nf3 Nf6 3. d4 Nxe4 4. Bd3 d5 5. Nxe5 Nd7 6. Nxd7 Bxd7 7. O-O Bd6 8.
c4 O-O 9. c5 Be7 10. Nc3 Nxc3 11. bxc3 c6 12. Re1 Bf6 13. Bf4 b5 14. Be5 Re8
15. f4 g6 16. a4 Bxe5 17. fxe5 a6 18. Qf3 Rc8 19. axb5 axb5 20. Ra7 Rc7 21. Ra6
Qg5 22. Rea1 h5 23. Ra7 Bg4 24. Qf2 Ree7 25. Ra8+ Rc8 26. Be2 Rec7 27. R8a7 Be6
28. Bd3 Rxa7 29. Rxa7 Qc1+ 30. Bf1 Qxc3 31. h3 b4 32. Ba6 Qa1+ 33. Kh2 Rf8 34.
g4 hxg4 35. hxg4 Bc8 36. e6 fxe6 37. Qe2 Qxd4 38. Bxc8 Rf2+ 39. Qxf2 Qxf2+ 40.
Kh3 Qe3+ 41. Kh4 b3 42. Re7 Qxc5 43. Bxe6+ Kf8 44. Rf7+ Ke8 45. Kg5 b2 46. Rb7
Qe3+ 47. Kf6 Qf4+ 48. Kg7 Qe5+ 0-1

[Event "Mercredi 2023.04.05 ABCD"]
[Site "Montreal CAN"]
[Date "2023.04.19"]
[Round "3"]
[White "Tremblay, Alain"]
[Black "Batorshyn, Ilia		"]
[Result "0-1"]
[WhiteElo "2103"]
[BlackElo "2173"]
[PlyCount "140"]
[EventDate "2023.04.05"]
[EventType "tourn"]
[EventRounds "5"]
[EventCountry "CAN"]

1. e4 c5 2. Nf3 e6 3. d4 cxd4 4. Nxd4 Nf6 5. Nc3 Nc6 6. g3 Bb4 7. Bg2 O-O 8.
O-O a6 9. Re1 d6 10. Nxc6 bxc6 11. e5 Nd5 12. Bd2 dxe5 13. Rxe5 Bd6 14. Re1 Rb8
15. b3 Bb7 16. Ne4 Be7 17. c4 Nf6 18. Bf4 Ra8 19. Qe2 Qc8 20. Nd6 Bxd6 21. Bxd6
Re8 22. f4 Nd7 23. c5 Nf6 24. Be5 Nd5 25. Qg4 f6 26. Bd4 Qd7 27. Rad1 Qf7 28.
Re2 Rad8 29. Red2 Bc8 30. Qe2 Re7 31. Qc4 Bb7 32. Bc3 Rde8 33. Re1 Bc8 34. Rde2
Rd8 35. Ba5 Rde8 36. Bc3 Qh5 37. Bb2 Rd8 38. Qe4 Qf7 39. Qc4 Ree8 40. Bh3 Nc7
41. Bg2 Bb7 42. Qb4 Nd5 43. Qc4 Bc8 44. Qa4 Bb7 45. Qc4 Kf8 46. Bh3 Bc8 47. Qa4
Bd7 48. a3 Qh5 49. Bg2 Nc7 50. Qe4 Qxc5+ 51. Bd4 Qf5 52. Qe3 Nd5 53. Qc1 Qd3
54. Bc5+ Kg8 55. Qb2 Qc3 56. Qxc3 Nxc3 57. Rd2 Nd5 58. Bf1 Ra8 59. Bc4 Kf7 60.
Re4 a5 61. a4 Bc8 62. f5 exf5 63. Rxd5 fxe4 64. Re5+ Be6 65. Rxe4 Bxc4 66. Rxc4
Rab8 67. b4 axb4 68. Bxb4 Re2 69. Kf1 Rxh2 70. Kg1 Ra2 0-1

[Event "Mercredi 2023.04.05 ABCD"]
[Site "Montreal CAN"]
[Date "2023.04.26"]
[Round "4"]
[White "Beaudry, Marc-Andre"]
[Black "Chapdelaine, Gwyn"]
[Result "0-1"]
[WhiteElo "2048"]
[BlackElo "1981"]
[PlyCount "98"]
[EventDate "2023.04.05"]
[EventType "tourn"]
[EventRounds "5"]
[EventCountry "CAN"]

1. e4 c6 2. d4 d5 3. e5 Bf5 4. Nd2 e6 5. Nb3 a6 6. Nf3 c5 7. Nxc5 Bxc5 8. dxc5
Qa5+ 9. c3 Qxc5 10. Nd4 Ne7 11. Qa4+ Nd7 12. Be3 Qc8 13. f4 O-O 14. Be2 Be4 15.
O-O Qc7 16. Rac1 Nc5 17. Qa3 Bd3 18. Nxe6 fxe6 19. Bxc5 Bxe2 20. Bxe7 Rf7 21.
Bd6 Qc4 22. Rf2 Rxf4 23. Qc5 Rxf2 24. Qxf2 Bd3 25. Qd4 Rc8 26. Qb6 Qb5 27. Qf2
Qe8 28. Qe3 Qg6 29. Rd1 Be4 30. Rd2 h6 31. h3 Rc6 32. Rf2 Kh7 33. Qa7 b5 34.
Qb7 d4 35. Qa7 dxc3 36. bxc3 Rxc3 37. Qd4 Rd3 38. Qb2 Rxh3 39. Qd2 Rd3 40. Qe2
Rc3 41. Qb2 Qg3 42. Qd2 Rc2 43. Qe1 Rc4 44. Re2 Qxe1+ 45. Rxe1 Bd5 46. Re2 g5
47. a3 Kg6 48. Kf2 Rg4 49. Ke3 Rg3+ 0-1

[Event "Mercredi 2023.04.05 ABCD"]
[Site "Montreal CAN"]
[Date "2023.04.26"]
[Round "4"]
[White "Boileau, Dominic"]
[Black "Deboosere, Adam"]
[Result "1/2-1/2"]
[WhiteElo "1766"]
[BlackElo "1884"]
[PlyCount "131"]
[EventDate "2023.04.05"]
[EventType "tourn"]
[EventRounds "5"]
[EventCountry "CAN"]

1. d4 Nf6 2. Bf4 d5 3. e3 c5 4. c3 Nc6 5. Nd2 Bf5 6. Ngf3 h6 7. Ne5 e6 8. Bb5
Qb6 9. Qa4 Rc8 10. O-O a6 11. Bxc6+ bxc6 12. Nb3 Qb5 13. Nxc5 Bxc5 14. Qxb5
cxb5 15. dxc5 Rxc5 16. a4 O-O 17. g4 Bc2 18. h4 Rd8 19. axb5 Rxb5 20. Rxa6 Rxb2
21. Ra7 Rf8 22. g5 Nh5 23. gxh6 Nxf4 24. exf4 gxh6 25. Kh2 Rb1 26. Rxb1 Bxb1
27. Re7 Kg7 28. h5 Bc2 29. Rc7 Bd1 30. f3 Ba4 31. Kg3 Be8 32. Ng6 Rg8 33. Ne7
Rh8 34. Ng6 Rh7 35. Ne5 Kf8 36. Ng6+ Kg7 37. Ne5 Kh8 38. Rc8 Rg7+ 39. Kf2 Rg8
40. Ng4 Kg7 41. Rc7 Bb5 42. Ne5 Be8 43. Ng4 Bb5 44. Ne5 Be8 45. Ng4 Ba4 46. Ne5
Rf8 47. Ke3 Bc2 48. Kf2 Bh7 49. Kg3 Bg8 50. Kg2 Ra8 51. Kh3 Ra1 52. Kg2 Ra2+
53. Kg3 Rc2 54. Rc6 Rc1 55. Kg2 Rc2+ 56. Kg3 Ra2 57. Rc7 Ra1 58. Kg2 Rc1 59.
Rc6 Bh7 60. Rc7 Bg8 61. Rc6 Rc2+ 62. Kg3 Rc1 63. Kg2 Rc2+ 64. Kg3 Rc1 65. Kg2
Rc2+ 66. Kg3 1/2-1/2

[Event "Mercredi 2023.04.05 ABCD"]
[Site "Montreal CAN"]
[Date "2023.04.26"]
[Round "4"]
[White "Cardin, Guillaume"]
[Black "Di Matteo, Alessio"]
[Result "0-1"]
[WhiteElo "2084"]
[BlackElo "1996"]
[PlyCount "150"]
[EventDate "2023.04.05"]
[EventType "tourn"]
[EventRounds "5"]
[EventCountry "CAN"]

1. d4 Nf6 2. c4 c5 3. d5 b5 4. cxb5 a6 5. bxa6 g6 6. Nc3 Bg7 7. e4 O-O 8. Bc4
Qa5 9. a7 Rxa7 10. Bd2 Qb4 11. b3 Qb6 12. Nf3 d6 13. O-O Bg4 14. h3 Bxf3 15.
Qxf3 Nbd7 16. Qe2 Ne5 17. Rab1 Rb8 18. a4 Nxc4 19. bxc4 Qd8 20. Rxb8 Qxb8 21.
Rb1 Qc8 22. Rb5 Nd7 23. a5 Bd4 24. Na4 Qc7 25. Nb6 Nb8 26. Qg4 Na6 27. Qc8+ Kg7
28. Qxc7 Nxc7 29. Rb3 Rb7 30. Ra3 Na6 31. Kf1 Kf8 32. f4 Ke8 33. Ra4 Kd8 34.
Ke2 Kc7 35. Kf3 Kb8 36. g4 Kc7 37. Be1 Rb8 38. Ra3 Nb4 39. Rb3 Na6 40. Bh4 f6
41. g5 Rb7 42. gxf6 exf6 43. Na8+ Kb8 44. Rxb7+ Kxb7 45. Nb6 Kc7 46. Be1 Nb4
47. Bxb4 cxb4 48. Ke2 Bxb6 49. axb6+ Kxb6 50. h4 Kc5 51. Kd3 h6 52. e5 fxe5 53.
h5 gxh5 54. f5 e4+ 55. Kd2 b3 56. f6 e3+ 57. Kxe3 b2 58. f7 b1=Q 59. f8=Q Qb3+
60. Kf2 Qc2+ 61. Kg1 Qxc4 62. Qxh6 Qxd5 63. Qc1+ Kb6 64. Qb2+ Kc6 65. Qf6 Qe5
66. Qh6 Kd5 67. Kh1 h4 68. Qd2+ Qd4 69. Qa5+ Ke4 70. Qe1+ Kf5 71. Qf1+ Qf4 72.
Qb5+ Kg4 73. Qd7+ Kg3 74. Qg7+ Qg4 75. Qd4 Qf3+ 0-1

[Event "Mercredi 2023.04.05 ABCD"]
[Site "Montreal CAN"]
[Date "2023.04.26"]
[Round "4"]
[White "Cebria, Gabriel"]
[Black "Gauthier, Luc"]
[Result "1-0"]
[WhiteElo "1718"]
[BlackElo "1685"]
[PlyCount "69"]
[EventDate "2023.04.05"]
[EventType "tourn"]
[EventRounds "5"]
[EventCountry "CAN"]

1. e4 Nf6 2. e5 Nd5 3. c4 Nb6 4. d4 d6 5. exd6 cxd6 6. Nc3 g6 7. Nf3 Bg7 8. Be2
Nc6 9. Be3 Bg4 10. b3 O-O 11. O-O Bxf3 12. Bxf3 e6 13. Rc1 d5 14. cxd5 Nxd5 15.
Nxd5 exd5 16. Rc5 Ne7 17. Bg5 f6 18. Be3 Qd7 19. Qd2 b6 20. Rc2 Rac8 21. Rfc1
Rxc2 22. Rxc2 Rc8 23. Rxc8+ Qxc8 24. Qc1 Qd7 25. h3 f5 26. Qd2 Nc6 27. a3 Na5
28. Qb4 Bf8 29. Qa4 Qd6 30. Qb5 Qxa3 31. Bxd5+ Kh8 32. Qe8 Qe7 33. Qxe7 Bxe7
34. Bd2 Bf6 35. b4 1-0

[Event "Mercredi 2023.04.05 ABCD"]
[Site "Montreal CAN"]
[Date "2023.04.26"]
[Round "4"]
[White "Gadbois, Patrick"]
[Black "Lima-Barbosa, Raphael"]
[Result "1-0"]
[WhiteElo "1895"]
[BlackElo "1929"]
[PlyCount "95"]
[EventDate "2023.04.05"]
[EventType "tourn"]
[EventRounds "5"]
[EventCountry "CAN"]

1. d4 Nf6 2. e3 d5 3. Nf3 c5 4. c3 cxd4 5. exd4 Nc6 6. Bd3 Bg4 7. O-O e6 8. Bg5
Qc7 9. Nbd2 Bd6 10. h3 Bh5 11. Qc2 Bg6 12. Rac1 Nh5 13. Rfe1 O-O 14. Bxg6 hxg6
15. g4 Nf4 16. Bxf4 Bxf4 17. Kg2 Rac8 18. Qd3 Rfd8 19. h4 e5 20. dxe5 Nxe5 21.
Nxe5 Bxe5 22. Nb3 Bf4 23. Rcd1 Qb6 24. Qf3 Bb8 25. Re7 Qf6 26. Qxf6 gxf6 27.
Rxb7 Rc4 28. Nd4 Ra4 29. a3 Re8 30. Kf1 Be5 31. Re1 Rc8 32. Rd1 a5 33. Rd7 Rc5
34. Rd2 Kf8 35. Nf3 Rxg4 36. R2xd5 Rxd5 37. Rxd5 a4 38. Ke2 Ke7 39. Nxe5 fxe5
40. Rxe5+ Kd6 41. Rb5 f5 42. Rb4 f4 43. Kf3 Rxh4 44. Rxf4 Rxf4+ 45. Kxf4 Kd5
46. Ke3 Kc4 47. Kd2 Kb3 48. Kc1 1-0

[Event "Mercredi 2023.04.05 ABCD"]
[Site "Montreal CAN"]
[Date "2023.04.26"]
[Round "4"]
[White "Kozlov, Guennadi"]
[Black "Giard, Antoine"]
[Result "0-1"]
[WhiteElo "1699"]
[BlackElo "1666"]
[PlyCount "80"]
[EventDate "2023.04.05"]
[EventType "tourn"]
[EventRounds "5"]
[EventCountry "CAN"]

1. e4 Nf6 2. e5 Nd5 3. d4 d6 4. Nf3 dxe5 5. Nxe5 g6 6. c4 Nb6 7. Be2 Bg7 8. O-O
O-O 9. Nc3 Be6 10. c5 Nd5 11. f4 Nc6 12. Bf3 Nxe5 13. fxe5 c6 14. h4 b6 15. Ne4
Bf5 16. Ng3 Bc8 17. cxb6 Qxb6 18. Re1 Rd8 19. Qa4 Rb8 20. a3 Be6 21. Ne4 Bxe5
22. Ng5 Bxd4+ 23. Kh1 Bf2 24. Re2 Bf5 25. Bxd5 Rxd5 26. Rxe7 Rd4 27. Qxa7 Rxh4+
28. Nh3 Qxa7 29. Rxa7 Bxa7 30. Bg5 Rxh3+ 31. gxh3 Be4+ 32. Kh2 Rxb2+ 33. Kg3
Rg2+ 34. Kf4 Bb8+ 35. Kxe4 Rxg5 36. Rb1 Rb5 37. Rc1 f5+ 38. Kd4 Bd6 39. Rxc6
Bxa3 40. Rc4 Rb4 0-1

[Event "Mercredi 2023.04.05 ABCD"]
[Site "Montreal CAN"]
[Date "2023.04.26"]
[Round "4"]
[White "Latorre, Vincent"]
[Black "Batorshyn, Ilia		"]
[Result "1-0"]
[WhiteElo "2244"]
[BlackElo "2173"]
[PlyCount "123"]
[EventDate "2023.04.05"]
[EventType "tourn"]
[EventRounds "5"]
[EventCountry "CAN"]

1. e4 c6 2. Nf3 d5 3. d3 dxe4 4. dxe4 Qxd1+ 5. Kxd1 Nf6 6. e5 Ng4 7. Ke1 Nd7 8.
Bf4 f6 9. exf6 gxf6 10. h3 Nh6 11. Nbd2 Nf7 12. c3 e5 13. Bh2 Be7 14. Bd3 Nc5
15. Bc2 a5 16. Nc4 Be6 17. Ne3 Rd8 18. Ke2 Nd6 19. Nd2 Bf7 20. f4 exf4 21. Bxf4
Bg6 22. Nb3 Nxb3 23. axb3 b6 24. Kf3 Kf7 25. Rhe1 Rhe8 26. Rad1 Bf8 27. Rd2
Bxc2 28. Nxc2 Rxe1 29. Nxe1 Be7 30. Nc2 Nf5 31. Rxd8 Bxd8 32. Ke4 Ne7 33. Nd4
c5 34. Nb5 Ke6 35. g4 Nc8 36. c4 Ne7 37. Bh2 Nc8 38. Nc3 Ne7 39. Nb5 Nc8 40.
Bc7 Bxc7 41. Nxc7+ Kd7 42. Nd5 Ke6 43. Nf4+ Ke7 44. h4 Nd6+ 45. Kd5 Kd7 46. Ne6
h6 47. Ng7 Nf7 48. Nf5 Ne5 49. Nxh6 Nd3 50. Ng8 Nb4+ 51. Ke4 Ke6 52. h5 Nc6 53.
h6 Ne5 54. h7 Nf7 55. Kf4 Nh8 56. Nh6 Ng6+ 57. Ke4 Nh8 58. Nf5 Ng6 59. Nh4 Nh8
60. Ng2 Nf7 61. Nf4+ Ke7 62. Ng6+ 1-0